LEADER 00833nab a2200145 i 4500 001 000000275425 003 CaOOAMICUS 005 20110523000000.0 008 110523n xx uu u0 0und r 013 $a24693 040 $aSeMil$bita 245 10$aGiovanni Paolo 2. pellegrino di speranza ; "Corpus Domini" festa dell'Eucaristia ; L'ecclesiologia eucaristica nel 21. secolo ; La liturgia sorgente inesauribile della catechesi ; Sussidio ... - 110 p. - Titoli dalla copertina. 500 $aMaggio-Giugno 2011. 773 0 $t[2011 : N. 236-241].$dRoma : CAL, 2011.$w()200734 996 $6245$aGiovanni Paolo 2. pellegrino di speranza ; "Corpus Domini" festa dell'Eucaristia ; L'ecclesiologia eucaristica nel 21. secolo ; La liturgia sorgente inesauribile della catechesi ; Sussidio ... - 110 p. - Titoli dalla copertina.$9(OLS)http://semarc/title/361437 LEADER 00847nam a2200229 i 4500 001 000000188873 003 CaOOAMICUS 005 20151109000000.0 008 151109s2015 it u000 u ita u 013 $a167107 020 $a978-88-6570-275-8 040 $aSeMil$bita 100 1 $aDidonč, Sergio.$0(OLS)http://semarc/name/15104 245 10$aAnno C. 300 $a501 p. 650 4$aLezionario romano festivo - Commenti e studi.$0(OLS)http://semarc/subject/539 773 0 $aDidonč, Sergio$t"...Sto alla porta e busso...".$dVarese : Macchione, [2015]$w()32792 850 $aSeMil 852 $aSeMil$W1$xVenegono$y1$m3F IV 630/3$j139510$B139510$CSeMilBibl$Z2$F151132 $81 961 $aOmaggio: Delpini mons. Mario 996 $6020$a978-88-6570-275-8$9(OLS)http://semarc/number/179526 996 $6245$aAnno C$9(OLS)http://semarc/title/22555